000 00808cam a2200241 a 4500
001 13511682
005 20171218072107.0
008 040304s2004 nyu b 001 0 eng
010 _a 2004046010
020 _a1555705189 (pbk. : alk. paper)
040 _aDLC
_cDLC
_dDLC
041 _aeng
043 _an-us---
080 _a020.973
082 0 0 _aL 020.973 RUB
_222
100 1 _a0
101 _aLIB
245 1 0 _aFoundations of library and information science /
_cRichard E. Rubin.
504 _aIncludes bibliographical references and index.
906 _a7
_bcbc
_corignew
_d1
_eocip
_f20
_gy-gencatlg
942 _2ddc
_cBK
999 _c39077
_d39077